01001nas a2200241Ia 4500001001100000003000900011008004100020040001300061040001300074041001300087100003800100210002300138222002300161245010300184250001100287260002100298501008600319300000900405310001200414362003500426500026200461650003600723R026/43516IT-RoPAU151124c99999999xx |||||||||||| ||und|| aIT-RoPAU cIT-RoPAU aITALIANO aAA.VV. gCodice Aut. SPICS: 12000 aNOSTRO CINEMA (IL) aNostro Cinema (Il) aNOSTRO CINEMA (IL), ANNO 15-N.176 (OTTOBRE 1977)bNostro Cinema (Il), Anno 15-N.176 (Ottobre 1977) a1a ed. aROMAbACECc1977 bPaulus - SPICS - Società€ San Paolo EM (non-commercial uses only)cCopyright2015 a4 p. aMENSILE aANNO 015, N.176 (OTTOBRE 1977) aAssemblea Nazionale Acec. Rapporti Col Professionismo Teatrale: Riflessioni Sul Repertorio. Comunità€ e Musica: Evangelizzazione e Canto, Canto Comunitario in Chiesa. Note Critiche Sui Film: la Marchesa Von... Di Erich Rohmer, i Lautari di Emil Loteanu, Cr aCINEMAvPUBBLICAZIONE PERIODICA